00822nam a22001937a 4500003000400000005001700004008004100021020001500062040000900077082001700086100002400103245008500127260003400212300001300246942004000259952015600299952015600455999001700611OSt20221103150837.0221102b ||||| |||| 00| 0 eng d a8123904045 coclc a664.8bBHA/F1 99219aBhatti, Suman aFruit And Vegetable Processing /bOrganiisations and InstitutionscSuman Bhatti aDelhi:bCBS publishers,c2012 a222pages 2ddccBKh664.8iBHA/Fk664.8mBHA/F 00102ddc40708 Food technology aMESbMEScFOOD TECHNOLOGYd2022-11-10g325.00l0o664.8 BHA/Fp41944r2022-11-10 00:00:00t1w2022-11-10yBKzU21R5 00102ddc40708 Food technology aMESbMEScFOOD TECHNOLOGYd2022-11-10g325.00l0o664.8 BHA/Fp41945r2022-11-10 00:00:00t2w2022-11-10yBKzU21R5 c41689d41689